Kids choice awards hosts Quiz Stats

Quiz not verified by Sporcle

Challenge
Share
Tweet
Embed
Score 0/22 Timer 05:00
0 Plays Today
Year Host % Correct
2006Jack Black
71.4%
1997Rosie ODonnell
61.2%
1998Rosie ODonnell
61.2%
1999Rosie ODonnell
61.2%
2000Rosie ODonnell
61.2%
2001Rosie ODonnell
61.2%
2002Rosie ODonnell
61.2%
2003Rosie ODonnell
61.2%
2008Dwayne Johnson
49%
2007Justin Timberlake
44.9%
2009Kevin James
42.9%
Year Host % Correct
2005Ben Stiller
28.6%
1995Whitney Houston
24.5%
1996Whitney Houston
24.5%
2004Cameron Diaz
24.5%
1988Tony Danza
22.4%
1992Paula Abdul
12.2%
1990Dave Coulier
10.2%
1991Corin Nemec
8.2%
1994Joey Lawrence
6.1%
1989Nicole Eggert
4.1%
1993Brian Green
2%

You're not logged in!

Compare scores with friends on all Sporcle quizzes.
Join for Free
OR
Log In

You Might Also Like...

Show Comments

Extras

Created Nov 1, 2010ReportNominate
Tags:award, host, kid

Top Quizzes Today


Score Distribution

Your Account Isn't Verified!

In order to create a playlist on Sporcle, you need to verify the email address you used during registration. Go to your Sporcle Settings to finish the process.

Report this User

Report this user for behavior that violates our Community Guidelines.

Details: